Towns and cities of French départements (deux) - Statistics

General Stats
  • This quiz has been taken 69 times
  • The average score is 16 of 20
Answer Stats
Town Département % Correct
Bastia Haute-Corse
95%
Saint-Étienne Loire
93%
Lille Nord
93%
Nantes Loire-Atlantique
91%
Toulon Var
89%
Nice Alpes-Maritimes
88%
Carcassonne Aude
86%
Toulouse Haute-Garonne
86%
Chamonix Haute-Savoie
84%
Périgueux Dordogne
82%
Besançon Doubs
82%
Cherbourg Manche
82%
Metz Moselle
81%
Avignon Vaucluse
81%
Bourg-en-Bresse Ain
79%
Basse-Terre Guadeloupe
77%
Châteauroux Indre
74%
Nanterre Hauts-de-Seine
70%
Auch Gers
65%
Lons-le-Saunier Jura
63%
No matching quizzes found
Score Distribution
Percent of People with Each Score
Percentile by Number Answered
Your Score History
You have not taken this quiz